Statistics for NCAA College Teams by State: Missouri

Click here to take the quiz!

General Stats

  • This quiz has been taken 34 times
  • The average score is 12 of 23

Answer Stats

% Correct
Division I-AMissouriTigers
100%
Division IIMissouri S&TMiners
97%
Division I-AAMissouri StateBears
97%
Division I-AASaint LouisBillikens
87%
Division I-AASoutheast Missouri StateRedhawks
81%
Division I-AAKansas CityRoos
74%
Division IINorthwest Missouri StateBearcats
65%
Division IICentral MissouriMules
58%
Division I-AALindenwoodLions
58%
Division IITrumanBulldogs
52%
Division IIMissouri WesternGriffons
48%
Division IIUMSLTritons
45%
Division IILincolnBlue Tigers
42%
Division IIMissouri SouthernLions
39%
Division IIIWestminsterBlue Jays
35%
Division IIDruryPanthers
32%
Division IIRockhurstHawks
32%
Division IIIWebsterGorloks
32%
Division IIIFontbonneGriffins
29%
Division IISouthwest BaptistBearcats
29%
Division IIIWashington UniversityBears
29%
Division IIWilliam JewellCardinals
29%
Division IIMaryvilleSaints
26%

Score Distribution

Percentile by Number Answered

Percent of People with Each Score

Your Score History

You have not taken this quiz